As pessoas na organização (Record no. 137414)

MARC details
000 -LÍDER
campo de controle de tamanho fixo 00877 a2200181 4500
001 - NÚMERO DE CONTROLE
campo de controle 137414
020 ## - ISBN - INTERNATIONAL STANDARD BOOK NUMBER
ISBN - International Standard Book Number 9788573123661
040 ## - FONTE DA CATALOGAÇÃO
Instituição que transcreveu o registro Leonardo Da Vinci
041 ## - CÓDIGO DE IDIOMA
Código do idioma do texto/trilha sonora ou título diferente Português
082 ## - CDD - CLASSIFICAÇÃO DECIMAL DE DEWEY
Número de Classificação 658.3 P568
Número do exemplar P568
100 ## - ENTRADA PRINCIPAL--NOME PESSOAL
Nome pessoal LIMONGI-FRANÇA, Ana Cristina
-- FISCHER, André Luiz
-- NOGUEIRA, Arnaldo José França Mazzei
-- ARRELANO, Eliete Bernal
-- REIS, Germano Glufke
-- SHINYASHIKI, Gilberto
-- SAMPAIO, Jáder dos Reis
-- DUTRA, Joel Souza
-- HIPÓLITO, José Antonio Monteiro
-- ALBUQUERQUE, Lindolfo Galvão de
-- FLEURY, Maria Tereza Leme (Org.)
-- EBOLI, Marisa
-- OLIVEIRA JUNIOR, Moacir de Miranda
-- FISCHER, Rosa Maria
-- CASADO, Tânia
245 ## - TÍTULO
Título As pessoas na organização
250 ## - EDIÇÃO
Edição 16. ed
260 ## - PUBLICAÇÃO, DISTRIBUIÇÃO, ETC.
Nome do editor, distribuidor, etc. Gente
Data da publicação, distribuição, etc. 2002
Local de publicação, distribuição, etc. São Paulo
362 ## - DATAS DE PUBLICAÇÃO E/OU DESIGNAÇÃO SEQUENCIAL
Datas de publicação e/ou designação sequencial 20020000
697 ## - ENTRADA DE ASSUNTO LOCAL--ENTIDADE COLETIVA (RLIN)
Nome corporativo ou nome da jurisdição Administração
-- Gestão de pessoas
-- Organização
-- Estratégia organizacional
-- Carreira
-- FIPEN
942 ## - ELEMENTOS DE ENTRADA ADICIONADOS (KOHA)
Tipo de material Koha Livros
Holdings
Situação do descarte Situação das perdas Situação física Não pode ser emprestado Biblioteca de origem Biblioteca atual Data de aquisição Total de empréstimos Número de chamada completo Código de barras Data de último acesso Data do preço efetivo Tipo de material Koha
        Leonardo Da Vinci - Osasco Leonardo Da Vinci - Osasco 27/03/2024   658.3 P568 O015052 27/03/2024 27/03/2024 Livros
        Leonardo Da Vinci - Osasco Leonardo Da Vinci - Osasco 27/03/2024   658.3 P568 O015053 27/03/2024 27/03/2024 Livros